000 00843nam a2200253Ia 4500
003 OSt
005 20220918170431.0
006 a|||||r|||| 00| 0
007 ta
008 220917b |||||||| |||| 00| 0 eng d
020 _a9780226770802
_cUSD 30.00
024 _a354,476
037 _b14479, 14/12/2021, Elite Publishers Distributors
_cTextual
040 _aARTS
_cARTS
_beng
041 _2eng
_aeng
082 _aR5, R1
100 _aPippin Robert B. Au.
_929001
245 0 _aPhilosophy by other means
_b the arts in philosophy and philosophy in the arts
260 _aChicago
_bUniversity of Chicago Press USA
_c2021
300 _a275p.
_ccm.
650 _aAESTHETICS; PHILOSOPHY
_921959
942 _hR5, R1
_cTEXL
_2CC
999 _c134102
_d134102